Introducción a la teoría del desarrollo
Saved in:
| Main Authors: | , |
|---|---|
| Format: | Bog |
| Sprog: | spansk |
| Udgivet: |
Buenos Aires
Macchi
1981
|
| Fag: | |
| Tags: |
Tilføj Tag
Ingen Tags, Vær først til at tagge denne postø!
|
MARC
| LEADER | 00000nam a2200000 a 4500 | ||
|---|---|---|---|
| 001 | UCQ1214 | ||
| 003 | CL-VaPUC | ||
| 008 | 980709e19810000AG |||||||||||||||||spa|d | ||
| 082 | 0 | 4 | |a 338.9 |b HES |2 21 |
| 100 | 0 | |a Hesse, Helmut |e author |9 414907 | |
| 700 | 0 | |a Sautter, Hermann |e author |9 414908 | |
| 245 | 1 | 0 | |a Introducción a la teoría del desarrollo |
| 300 | |a 187 p | ||
| 942 | |c BK | ||
| 945 | |d 19980709 00:00:00 |a crobeson | ||
| 260 | |a Buenos Aires |b Macchi |c 1981 | ||
| 650 | 0 | |a Desarrollo económico y social |9 256320 | |
| 650 | 0 | |a Crecimiento económico |9 314037 | |
| 650 | 0 | |a Distribución del ingreso |9 334288 | |
| 650 | 7 | |a PROBLEMAS DEMOGRAFICOS |2 CL-VaPUC |9 338258 | |
| 650 | 0 | |a Capital |9 263726 | |
| 650 | 7 | |a COMERCIO INTERNACIONAL |2 CL-VaPUC |9 414909 | |
| 650 | 0 | |a Inflación |9 257218 | |
| 650 | 0 | |a Trabajo y empleo |9 315054 | |
| 650 | 0 | |a Problemas sociales |9 258537 | |
| 583 | |a last modification |c 19980709 00:00:00 |k Rodrigo Vera | ||
| 999 | |c 272218 |d 272216 | ||
| 952 | |0 0 |1 0 |4 0 |6 338_900000000000000_HES_1981 |7 0 |8 A |9 307103 |a BIBENE |b BIBENE |d 2019-11-20 |i 1432222 |l 2 |m 4 |o 338.9 HES 1981 |p 1432222 |r 2025-01-15 |s 2021-10-26 |w 2019-11-20 |y BK |k ICO | ||